Prospettive di filosofia moderna e contemporanea

Saved in:  
Bibliographic Details
Main Author: Pareyson, Luigi 1918-1991 (Author)
Contributors: Tomatis, Francesco 1964- (Editor)
Format: Print Book
Language:Italian
Subito Delivery Service: Order now.
Check availability: HBZ Gateway
WorldCat: WorldCat
Interlibrary Loan:Interlibrary Loan for the Fachinformationsdienste (Specialized Information Services in Germany)
Published: Milano Mursia 2017
In: Opere complete. (Volume 16)
Year: 2017
Reviews:[Rezension von: Pareyson, Luigi, Prospettive di filosofia moderna e contemporanea] (2020) (De Carolis, Francesco)
Edition:1 edizione
Series/Journal:Pareyson, Luigi 1918-1991, Opere complete. Volume 16
Standardized Subjects / Keyword chains:B Fichte, Johann Gottlieb 1762-1814
B Schelling, Friedrich Wilhelm Joseph von 1775-1854
B Philosophy / History 1900-1990

MARC

LEADER 00000cam a2200000 cb4500
001 1772417041
003 DE-627
005 20220401123201.0
007 tu
008 211005s2017 it ||||| 00| ||ita c
020 |a 9788842557814  |9 978-88-425-5781-4 
035 |a (DE-627)1772417041 
035 |a (DE-599)KXP1772417041 
035 |a (OCoLC)1271501915 
040 |a DE-627  |b ger  |c DE-627  |e rda 
041 |a ita 
044 |c XA-IT 
084 |a 1  |2 ssgn 
084 |a 08.25  |2 bkl 
084 |a 08.24  |2 bkl 
100 1 |e VerfasserIn  |0 (DE-588)119190044  |0 (DE-627)079987222  |0 (DE-576)162483295  |4 aut  |a Pareyson, Luigi  |d 1918-1991 
109 |a Pareyson, Luigi 1918-1991 
245 1 0 |a Prospettive di filosofia moderna e contemporanea  |c Luigi Pareyson ; a cura di Francesco Tomatis 
250 |a 1 edizione 
264 1 |a Milano  |b Mursia  |c 2017 
300 |a 613 Seiten 
336 |a Text  |b txt  |2 rdacontent 
337 |a ohne Hilfsmittel zu benutzen  |b n  |2 rdamedia 
338 |a Band  |b nc  |2 rdacarrier 
490 1 |a Opere complete / Luigi Pareyson  |v Volume 16 
500 |a Collection of writings, partly publ. for the first time 
500 |a L. Pareyson (1918-1991) 
500 |a Includes bibliographical references and index 
689 0 0 |d p  |0 (DE-588)118532847  |0 (DE-627)133767442  |0 (DE-576)208918213  |2 gnd  |a Fichte, Johann Gottlieb  |d 1762-1814 
689 0 |5 DE-101 
689 1 0 |d p  |0 (DE-588)118607057  |0 (DE-627)133368556  |0 (DE-576)209097434  |2 gnd  |a Schelling, Friedrich Wilhelm Joseph von  |d 1775-1854 
689 1 |5 DE-101 
689 2 0 |d s  |0 (DE-588)4045791-6  |0 (DE-627)106200259  |0 (DE-576)209066873  |2 gnd  |a Philosophie 
689 2 1 |q z  |2 gnd  |a Geschichte 1900-1990 
689 2 |5 DE-101 
700 1 |e HerausgeberIn  |0 (DE-588)139864318  |0 (DE-627)613810279  |0 (DE-576)313582084  |4 edt  |a Tomatis, Francesco  |d 1964- 
787 0 8 |i Rezensiert in  |a De Carolis, Francesco  |t [Rezension von: Pareyson, Luigi, Prospettive di filosofia moderna e contemporanea]  |d 2020  |w (DE-627)1787808084 
800 1 |a Pareyson, Luigi  |d 1918-1991  |t Opere complete.  |v Volume 16  |9 16  |w (DE-627)1000912167  |7 am 
936 b k |a 08.25  |j Zeitgenössische westliche Philosophie  |q DA-3  |0 (DE-627)106403672 
936 b k |a 08.24  |j Neue westliche Philosophie  |q DA-3  |0 (DE-627)106402641 
951 |a MV 
ELC |b 1 
ORI |a SA-MARC-ixtheo_oa001.raw 
REF |a Philosophiegeschichte 
STA 0 0 |a Philosophy,Philosophy in literature 
STB 0 0 |a Philosophie,Philosophie 
STC 0 0 |a Filosofía,Filosofía 
STD 0 0 |a Filosofia,Filosofia 
STE 0 0 |a 哲学 
STF 0 0 |a 哲學 
STG 0 0 |a Filosofia,Filosofia 
STH 0 0 |a Философия (мотив),Философия 
STI 0 0 |a Φιλοσοφία (μοτίβο),Φιλοσοφία 
SYG 0 0 |a Fichtė, Ëhan Hotlib,1762-1814,Fichte, Giovanni Amedeo,1762-1814,Fichte, G. W.,1762-1814,Fichte, Johannes Gottlieb,1762-1814,Fichte, Iogann Gotlib,1762-1814,Fichtė, J. G.,1762-1814,Fichte, J.-G.,1762-1814,Fichte, I. G.,1762-1814,Fichte, Johann G.,1762-1814,Fichte, Joh. Gottlieb,1762-1814,Fichte-Schelling,1762-1814,Fihite,1762-1814,Fihte, Johans Gotlībs,1762-1814,Fihte, J. G.,1762-1814,Fichte, Jochan Gotlib,1762-1814,Fichte, Johan Gottlieb,1762-1814,Fichte, Johann Gottlob,1762-1814,Fihte, Johan Gotlib,1762-1814,Fichte, Iohann Gottlieb,1762-1814,Fichte, Joh. Gottl.,1762-1814,Fei xi de,1762-1814,Fikhṭeh, Yohan Goṭlib,1762-1814,Fikhṭeh, Yohan G.,1762-1814,Fichte, Johann,1762-1814,Fihte, Johans G.,1762-1814,Fihte,1762-1814,Fichte,1762-1814,Buyibidieshi,1762-1814,Buyibidi,1762-1814 , Schelling, Friedrich-Wilhelm Joseph,1775-1854,Schelling, Friedrich Wilhelm Joseph,1775-1854,Schelling, Friedrich Wilhelm Josef von,1775-1854,Schelling, Friedrich Wilhelm Josef,1775-1854,Schelling, Friedrich Wilhelm J.,1775-1854,Schelling, Friedrich W. J.,1775-1854,Schelling, Friedrich W.J.,1775-1854,Schelling, F. W. J. v.,1775-1854,Schelling, F.W.J. v.,1775-1854,Schelling, F. W. J.,1775-1854,Schelling, F.W.J.,1775-1854,Schelling, Friedrich Wilhelm von,1775-1854,Schelling, Friedrich Wilhelm,1775-1854,Schelling, Friedrich W. von,1775-1854,Schelling, Friedrich W.,1775-1854,Schelling, Friedrich von,1775-1854,Schelling, Friedrich,1775-1854,Schelling, Friedr. Wilh. Joseph,1775-1854,Schelling, Friedrich Joseph Wilhelm,1775-1854,Schelling, Fridericus Guilelmus Josephus,1775-1854,Schelling, Frideric. Guil. Joseph,1775-1854,Schelling, Fridericus G.,1775-1854,Schelling, Federico Guglielmo Giuseppe,1775-1854,Schelling, Federico Guillermo Josév,1775-1854,Schelling, J. Friedrich Joseph von,1775-1854,Schelling, S. W. J.,1775-1854,Schelling, S.W.J.,1775-1854,Schelling,1775-1854,Scheling, Federico Guillermo José,1775-1854,Seling, F. V. J.,1775-1854,Šeling, Fridrich V.,1775-1854,Šeling, Fridrich,1775-1854,Šeling, Fridirich Vilchelm Jozef,1775-1854,Šeling, Fridrih Vilhelm Jozef,1775-1854,Šeling, Fridrih V. J.,1775-1854,Šeling, F. V. J.,1775-1854,Šėling, Frydrych Vilʹhelʹm Ëezėf,1775-1854,Šelling, Fridrich Vilʹgelʹm Iozef,1775-1854,Šelling, F. V. I.,1775-1854,Šelling, F.V.I.,1775-1854,Šelling, Fridrich Vilʹgelʹm Jozef fon,1775-1854,Šelling, Fridrich Vilʹgelʹm Jozef von,1775-1854,Šelling, Fridrich Vil'gel'm Jozef,1775-1854,Šelling, Fridrich Vilʹgel'm Jozefa,1775-1854,Šelling, Fridrich Vilʹgelʹm,1775-1854,Šelling, F. V.,1775-1854,Šelling, F.V.,1775-1854,Šelling,1775-1854,Šellings, Frīdrihs,1775-1854,Sellinnk, Phrintrich,1775-1854,Sheling, Y. F. Ṿ.,1775-1854,Sheling, Y.F.Ṿ.,1775-1854,Shelling, Fridrikh Vilʹgelʹm,1775-1854,Sheringu,1775-1854,Syelling, F. W. J.,1775-1854,Fichte-Schelling,1775-1854,Bonaventura,1775-1854,Schelling, Friedrich W. v.,1775-1854 , Philosophy,Philosophieren 
TIM |a 100019000101_100019901231  |b Geschichte 1900-1990